000 00586cam a22002291 4500
001 sa 68006623
003 DLC
005 20260227112517.0
008 881102s1967 xx 000 0 hino
010 _asa 68006623
035 _a(OCoLC)23563631
040 _aDLC
_cMiU
_dDLC
042 _apremarc
043 _aa-ii---
050 0 0 _aDS421.5
_b.S3
100 1 _aŚarmā, Kanhaiyālāla.
245 1 0 _aRaṅgīna ćaśmā.
260 _c[1967]
300 _a55 p.
_c19 cm.
500 _aRomanized.
651 0 _aIndia
_xSocial life and customs
_xAnecdotes, facetiae, satire, etc.
999 _c81398
_d81398